Entry Personal Name
Number of records used in: 1
001 - CONTROL NUMBER
003 - CONTROL NUMBER IDENTIFIER
005 - DATE AND TIME OF LATEST TRANSACTION
- control field:
20230901104958.0
008 - FIXED-LENGTH DATA ELEMENTS
- fixed length control field:
900608n| acannaab| |n aad |||
010 ## - LIBRARY OF CONGRESS CONTROL NUMBER
- LC control number:
n 90655272
040 ## - CATALOGING SOURCE
- Original cataloging agency:
DLC
- Transcribing agency:
DLC
100 10 - HEADING--PERSONAL NAME
- Personal name:
Sharan, Vyuptakesh
670 ## - SOURCE DATA FOUND
- Source citation:
nuc90-38091: Author's International economic order and the less developed countries, c1985
- Information found:
(hdg. on LU rept.: Sharan, Vyuptakesh; usage: Vyuptakesh Sharan)